00531nam a22001697a 4500003000400000005001700004008004100021020001600062024001600078040001600094082001900110100001600129245007300145260006500218300001800283440006000301OSt20180116183032.0151222b xxu||||| |||| 00| 0 eng d a05-266-89-1 205-266-89-1 cLahore LUMS a174.4 LUM 1989 aQureshi Z I aEXXON CHEMICALS PAKISTAN LIMITED- THE ATTRITION PROBLEMcQureshi Z I aLahore LUMSb Lahore University of Management Sciencesc1989 a16 p.bPapers aEXXON CHEMICALS PAKISTAN LIMITED- THE ATTRITION PROBLEM